000
00323nam a2200133Ia 4500
005
20251222144854.0
008
251222s9999||||xx |||||||||||||| ||spa||
020
_a
84-7738-909-8
082
_a
370.1/C75
100
_a
Colom Cañellas, Antoni J.
245
0
_a
Teoría de la Educación
264
_b
Síntesis
942
_c
LIB
999
_c
21724
_d
21724